Click the Bands That Are Together Now (Sudden Death) - Statistics

General Stats
  • This quiz has been taken 939 times
    321 since last reset
  • The average score is 5 of 16
Answers on the Grid
Answers color-coded by a green-red scale on the quiz's grid according to % correct below.
AC/DC
The Beach Boys
The Beatles
The Bee Gees
Coldplay
Creedence Clearwater Revival
Daft Punk
The Doors
The Eagles
Foo Fighters
The Grateful Dead
Green Day
Guns N' Roses
Led Zeppelin
Nirvana
Pearl Jam
Pink Floyd
Pixies
Radiohead
Red Hot Chili Peppers
REM
The Rolling Stones
Rush
The Smashing Pumpkins
Soundgarden
Talking Heads
U2
Van Halen
The Velvet Underground
The Who
 
Answer Stats
Answer % Correct
Coldplay
71%
AC/DC
55%
Green Day
45%
Foo Fighters
42%
The Rolling Stones
38%
U2
35%
Red Hot Chili Peppers
34%
Radiohead
33%
Guns N' Roses
31%
Pearl Jam
24%
The Beach Boys
19%
The Eagles
17%
The Smashing Pumpkins
17%
Pixies
14%
The Who
12%
Rush
7%
No matching quizzes found
Score Distribution
Percent of People with Each Score
Percentile by Number Answered
Your Score History
You have not taken this quiz since the last reset